Yi kan jiu dong! Gushen bafeite de touzi celue
| Main Author: | |
|---|---|
| Format: | Book |
| Published: |
Singapore :
Novum Organum Publishing House Pte Ltd. ,
2012
|
| Subjects: |
MARC
| LEADER | 00000cam a2200000 7i4500 | ||
|---|---|---|---|
| 001 | 0000079098 | ||
| 005 | 20180326.0 | ||
| 008 | 180326 | ||
| 020 | |a 9789863010760 | ||
| 041 | 0 | |a Chinese | |
| 090 | 0 | 0 | |a 338.092 |b LIC |
| 100 | 1 | |a Lichengsi | |
| 245 | 0 | 0 | |a Yi kan jiu dong! Gushen bafeite de touzi celue |c Lichengsi |
| 260 | |a Singapore : |b Novum Organum Publishing House Pte Ltd. , |c 2012 | ||
| 300 | |a 207p. : |b 23cm | ||
| 500 | |a Adult | ||
| 541 | 0 | 0 | |c Donation books |
| 650 | 0 | |a Finance | |
| 999 | |a 0001459268 |b Book |c Adult Collection |e Perbadanan Perpustakaan Awam Johor | ||